[Event "TUR-chT 2nd League"]
[Site "Konya"]
[Date "2019.07.28"]
[Round "9.15"]
[White "Simsek, Melike"]
[Black "Eroltu, Ceylan"]
[Result "0-1"]
[WhiteElo "1174"]
[BlackElo "1313"]
[PlyCount "102"]
[EventDate "2019.07.22"]
[EventType "team-swiss"]
[EventRounds "9"]
[EventCountry "TUR"]
[SourceTitle "CBM 191 Extra"]
[Source "ChessBase"]
[SourceDate "2019.09.30"]
[SourceVersion "1"]
[SourceVersionDate "2019.09.30"]
[SourceQuality "1"]
[WhiteTeam "Kahramanmaras Ustad"]
[BlackTeam "Corum Belediye"]
[WhiteTeamCountry "TUR"]
[BlackTeamCountry "TUR"]

1. e4 e5 2. Nf3 Nc6 3. d4 exd4 4. Nxd4 Bc5 5. Nb3 Bb6 6. Nc3 Qf6 7. Qe2 Nge7 8. Be3 Bxe3 9. Qxe3 0-0 10. 0-0-0 a6 11. a4 d6 12. Bc4 Ne5 13. Be2 Be6 14. f4 Nc4 15. Bxc4 Bxc4 16. g4 Bxb3 17. cxb3 Qe6 18. Nd5 Nxd5 19. Rxd5 Rfe8 20. Re1 Re7 21. f5 Qh6 22. Qxh6 gxh6 23. f6 Re6 24. g5 hxg5 25. Rxg5+ Kh8 26. Rf5 Rg8 27. Rf4 Rg2 28. h4 Re5 29. Rf5 Re6 30. Rf4 d5 31. Kb1 d4 32. e5 c5 33. Rf5 h6 34. h5 Rg5 35. Rxg5 hxg5 36. Kc2 Kh7 37. Kd3 Kh6 38. Ke4 Kxh5 39. Kf5 Kh4 40. Rh1+ Kg3 41. Rg1+ Kf2 42. Rxg5 d3 43. Rh5 d2 44. Rh2+ Ke3 45. Rh3+ Ke2 46. Rh2+ Kd3 47. Rh3+ Kc2 48. Rh2 Kc1 49. Rh1+ d1Q 50. Rxd1+ Kxd1 51. Ke4 Kd2 0-1

[Event "TUR-chT 2nd League"]
[Site "Konya"]
[Date "2019.07.25"]
[Round "5.14"]
[White "Simsek, Melike"]
[Black "Dal, Nurseda"]
[Result "1-0"]
[WhiteElo "1174"]
[BlackElo "1089"]
[PlyCount "75"]
[EventDate "2019.07.22"]
[EventType "team-swiss"]
[EventRounds "9"]
[EventCountry "TUR"]
[SourceTitle "CBM 191 Extra"]
[Source "ChessBase"]
[SourceDate "2019.09.30"]
[SourceVersion "1"]
[SourceVersionDate "2019.09.30"]
[SourceQuality "1"]
[WhiteTeam "Kahramanmaras Ustad"]
[BlackTeam "Yalova Altinkale"]
[WhiteTeamCountry "TUR"]
[BlackTeamCountry "TUR"]

1. e4 c5 2. Nf3 Nc6 3. d4 cxd4 4. Nxd4 Nf6 5. Nc3 d6 6. Nb3 e5 7. Be3 h6 8. Bc4 Be7 9. h3 Be6 10. Bxe6 fxe6 11. Qe2 a6 12. 0-0-0 b5 13. a3 Na5 14. Nc5 Qc8 15. Nd3 Nc4 16. f4 exf4 17. Nxf4 Nxa3 18. Ng6 Rg8 19. Nxe7 Kxe7 20. e5 dxe5 21. Qf2 Nd7 22. Qh4+ Ke8 23. Qh5+ Ke7 24. Qh4+ Ke8 25. Qh5+ g6 26. Qxh6 b4 27. bxa3 bxc3 28. Rd3 e4 29. Rd6 Nf8 30. Rhd1 Qb7 31. Rb6 Qc7 32. Qg5 Rb8 33. Rxa6 Qb7 34. Rb6 Qa8 35. Qb5+ Nd7 36. Qxd7+ Kf8 37. Bh6+ Rg7 38. Qxg7+ 1-0

[Event "TUR-chT 2nd League"]
[Site "Konya"]
[Date "2019.07.23"]
[Round "3.16"]
[White "Simsek, Melike"]
[Black "Demir, Zuhal"]
[Result "0-1"]
[WhiteElo "1174"]
[BlackElo "1715"]
[PlyCount "79"]
[EventDate "2019.07.22"]
[EventType "team-swiss"]
[EventRounds "9"]
[EventCountry "TUR"]
[SourceTitle "CBM 191 Extra"]
[Source "ChessBase"]
[SourceDate "2019.09.30"]
[SourceVersion "1"]
[SourceVersionDate "2019.09.30"]
[SourceQuality "1"]
[WhiteTeam "Kahramanmaras Ustad"]
[BlackTeam "Hayat Genclik"]
[WhiteTeamCountry "TUR"]
[BlackTeamCountry "TUR"]

1. e4 c6 2. d4 d5 3. exd5 cxd5 4. Nf3 Nf6 5. c3 Bf5 6. Bf4 e6 7. Bd3 Bxd3 8. Qxd3 Bd6 9. Bxd6 Qxd6 10. 0-0 Nbd7 11. Re1 0-0 12. Nbd2 Rfe8 13. Nf1 Rac8 14. Ng3 g6 15. Ne5 Qf8 16. Nxd7 Nxd7 17. Qd2 f5 18. Qg5 Qg7 19. Re2 e5 20. Rae1 e4 21. f3 Rc6 22. fxe4 h6 23. Nxf5 hxg5 24. Nxg7 Kxg7 25. exd5 Rxe2 26. Rxe2 Rd6 27. Re6 Rxd5 28. g4 Kf7 29. Re2 Ra5 30. a3 Nb6 31. Kg2 Nd5 32. Kf3 Nf6 33. Re3 Ra6 34. Kg3 Re6 35. Rxe6 Kxe6 36. h4 Nd7 37. b4 gxh4+ 38. Kxh4 Kd5 39. Kg5 Nf8 40. Kf4 0-1